The ulimate christmas : (Registro nro. 13278)

Detalles MARC
000 -LIDER
fixed length control field 00577nam a2200193 4500
003 - IDENTIFICACDOR DE NÚMERO DE CONTROL
control field DO-SdBNP
005 - DATE AND TIME OF LATEST TRANSACTION
control field 20180209104239.0
008 - ELEMENTOS DE LONGITUD FIJA
fixed length control field 180209b 2006 xx 00| 0 spa d
020 ## - ISBN
International Standard Book Number 0888507992
040 ## - FUENTE DE CATALOGACIÓN
Agencia que crea de manera original el registro BPMSU
Idioma de catalogación spa
Agencia que realiza la transcripción BPMSU
110 ## - ASIENTO PRINCIPAL--NOMBRE CORPORATIVO
Nombre corporativo o de jurisdicción
245 ## - MENCIÓN DE TITULO
Título The ulimate christmas :
Subtítulo over 240 projects to help you make, bake and decorate everything for christmas!
260 ## - PUBLICACIÓN, DISTRIBUCIÓN, ETC. (PIE DE IMPRENTA)
Lugar de publicación, distribución, etc China :
Nombre del editor, distribuidor, etc. Readers Digest,
Fecha de publicación, distribución, etc 2006
300 ## - DESCRIPCIÓN FÍSICA
Extensión 288 p. :
Otros detalles físicos il. ;
Dimensiones 30 cm.
910 ## - VALIDACIÓN
Validación
942 ## - ADDED ENTRY ELEMENTS (KOHA)
Source of classification or shelving scheme Dewey Decimal Classification
Koha item type Libros
945 ## - INFORMACIÓN DE PROCESAMIENTO LOCAL
Información de procesamiento local Inventariado extranjero / 2018 VM
956 ## - LOCAL ELECTRONIC LOCATION AND ACCESS (OCLC)
Nombre de host VMATEO
Número de acceso 10
Información de compresión 20180209
Trayectoria BPMUSU
Nombre Electrónico 0069
Existencias
Withdrawn status Lost status Source of classification or shelving scheme Damaged status Not for loan Collection code Home library Current library Date acquired Total Checkouts Barcode Date last seen Price effective from Koha item type
    Dewey Decimal Classification     Colección General Biblioteca Pública Metropolitana Salomé Ureña Biblioteca Pública Metropolitana Salomé Ureña 02/09/2018   BPMSU18020114 02/09/2018   Libros